Normal view
MARC view
- MARTIN, D. R COL
Entry Personal Name
001 - CONTROL NUMBER
- control field: 77828
003 - CONTROL NUMBER IDENTIFIER
- control field: NUST
005 - DATE AND TIME OF LATEST TRANSACTION
- control field: 20210628210018.0
008 - FIXED-LENGTH DATA ELEMENTS
- fixed length control field: 210628|| aca||aabn | a|a d
040 ## - CATALOGING SOURCE
- Original cataloging agency: NUST
- Transcribing agency: NUST
100 ## - HEADING--PERSONAL NAME
- Personal name: MARTIN, D. R COL
670 ## - SOURCE DATA FOUND
- Source citation: Work cat.: (NUST): MARTIN, D. R COL, PAKISTAN OVERPRINTS ON INDIAN STAMPS 1848-49, 1974
